El hombrecillo de los gansos (Record no. 187363)

MARC details
000 -LEADER
campo de control de longitud fija 00800nam a2200205 i 4500
001 - NÚMERO DE CONTROL
campo de control 187363
003 - IDENTIFICADOR DE NÚMERO DE CONTROL
campo de control SpMaBN
005 - FECHA Y HORA DE LA ÚLTIMA TRANSACCIÓN
campo de control 20250818173641.0
008 - DATOS DE LONGITUD FIJA--INFORMACIÓN GENERAL
campo de control de longitud fija 170615s1937 sp |||| | spa d
080 ## - NÚMERO DE LA CLASIFICACIÓN DECIMAL UNIVERSAL
Número de la Clasificación Decimal Universal 821.112.2-31"19"
100 1# - ENTRADA PRINCIPAL--NOMBRE DE PERSONA
Nombre de persona Wassermann, Jakob,
Fechas asociadas al nombre 1873-1934
9 (RLIN) 116154
245 13 - MENCIÓN DEL TÍTULO
Título El hombrecillo de los gansos
Resto del título : (Das Gänsemännchen) /
Mención de responsabilidad, etc. Jakob Wassermann ; traducción de Enrique Giménez Mauro ; [prólogo, Luis Capdevila].
250 ## - MENCION DE EDICION
Mención de edición 2ª ed.
260 ## - PUBLICACIÓN, DISTRIBUCIÓN, ETC.
Lugar de publicación, distribución, etc. Barcelona :
Nombre del editor, distribuidor, etc. Apolo,
Fecha de publicación, distribución, etc. 1937 (
Fabricante Unió Gràfica)
300 ## - DESCRIPCIÓN FÍSICA
Extensión 473 p. ;
Dimensiones 22 cm.
700 1# - ENTRADA AGREGADA--NOMBRE PERSONAL
Nombre de persona Giménez Mauro, Enrique.
9 (RLIN) 57055
700 1# - ENTRADA AGREGADA--NOMBRE PERSONAL
Nombre de persona Capdevila, Luis,
Fechas asociadas al nombre 1892-1980
9 (RLIN) 34795
852 ## - LOCALIZACIÓN
Ubicación ES-MaACL
Número de control de estantería L-31719
Nota libre - enc. tela
-- . - Donat. herederos de la bibl. de Mª del Pilar Costa Palacín
Holdings
Estatus retirado Estado de pérdida Estado de daño No para préstamo Biblioteca de origen Biblioteca actual Ubicación en estantería Fecha de adquisición Fuente de adquisición Total de préstamos Signatura topográfica completa Código de barras Visto por última vez Precio de reemplazo Tipo de ítem Koha
        Biblioteca del Ateneo de Madrid Biblioteca del Ateneo de Madrid Depósito 2 15/06/2017     L-31719 1197742 23/02/2023 23/02/2023 Libro impreso